| 000 | 00464nam a22001817a 4500 | ||
|---|---|---|---|
| 005 | 20260425115136.0 | ||
| 008 | 260425b |||||||| |||| 00| 0 eng d | ||
| 020 |
_a9781944659929 _c1295.00 |
||
| 040 | _aMAIN | ||
| 041 | _aEnglish | ||
| 082 |
_a535.5 _bKAM |
||
| 100 |
_aKambe, Tsutomu _926757 |
||
| 245 | _aElementary Fluid Mechanics | ||
| 260 |
_aNew Jersey _bWorld Scientific _c2024 |
||
| 300 | _a386 | ||
| 650 |
_aMathematics (PM USHA) _926738 |
||
| 942 | _cBK | ||
| 999 |
_c60742 _d60742 |
||